| 000 | 00455nam a22001811a 4500 | ||
|---|---|---|---|
| 001 | 1125 | ||
| 003 | OSt | ||
| 005 | 20260204211722.0 | ||
| 008 | 040116s1982||||dr ||||||b||||||||||spa|| | ||
| 050 | _aRD 305.56 O1m | ||
| 082 | _aRD 305.56 O1m | ||
| 100 | _aDel Orbe, Justino Jose | ||
| 245 | _aMauricio Baez y la clase obrera / Justino Jose Del Orbe | ||
| 264 | _aSanto Domingo : Taller | ||
| 300 | _a158 p | ||
| 650 | _a1.Clase BajaĆ | ||
| 942 |
_2ddc _cBK |
||
| 999 |
_c1125 _d1125 |
||